2009 US real estate investment outlook and market perspective (Record no. 109389)

MARC details
000 -LEADER
fixed length control field 01294cad a22002415a 4500
001 - CONTROL NUMBER
control field E147001
008 - FIXED-LENGTH DATA ELEMENTS--GENERAL INFORMATION
fixed length control field 090323s2009 xxu f 000 0 eng d
035 ## - SYSTEM CONTROL NUMBER
System control number (Sirsi) u147001
041 0# - LANGUAGE CODE
Language code of text/sound track or separate title eng
050 04 - LIBRARY OF CONGRESS CALL NUMBER
Classification number 333.33 $2 18
100 1# - MAIN ENTRY--PERSONAL NAME
Personal name Billingsley, Alan
245 00 - TITLE STATEMENT
Title 2009 US real estate investment outlook and market perspective
Medium [electronic resource]
260 ## - PUBLICATION, DISTRIBUTION, ETC.
Place of publication, distribution, etc. San Francisco
Name of publisher, distributor, etc. RREEF Research
Date of publication, distribution, etc. 2009
490 #0 - SERIES STATEMENT
Series statement RREEF Research
Volume/sequential designation (68) February 2009
520 ## - SUMMARY, ETC.
Summary, etc. Suggests that the US economy is in a very difficult situation and predicts that it will deteriorate further in 2009. Forecasts economic output to fall for at least four consecutive quarters and annual GDP to reduce further in 2009 than in any year since 1946. Predicts that the recession will probably last a minimum of six quarters, the longest since World War 2. Indicates that economic recovery is dependent on the housing and financial markets stabilising, which is expected to happen later in 2009.
521 ## - TARGET AUDIENCE NOTE
Target audience note Advanced
590 ## - LOCAL NOTE (RLIN)
Local note KA
651 #4 - SUBJECT ADDED ENTRY--GEOGRAPHIC NAME
Geographic name United States
Chronological subdivision 1959-
690 ## - LOCAL SUBJECT ADDED ENTRY--TOPICAL TERM (OCLC, RLIN)
Topical term or geographic name as entry element PROPERTY-COMMERCIAL PROPERTY-COMMERCIAL PROPERTY MARKET
700 1# - ADDED ENTRY--PERSONAL NAME
Personal name Symes, Alex
856 40 - ELECTRONIC LOCATION AND ACCESS
Uniform Resource Identifier <a href="https://www.rreef.com/cps/rde/xchg/ai_en/hs.xsl/3179.html">https://www.rreef.com/cps/rde/xchg/ai_en/hs.xsl/3179.html</a>
Public note View the report free of charge at www.rreef.com...
942 ## - ADDED ENTRY ELEMENTS (KOHA)
Suppress in OPAC 0
Holdings
Withdrawn status Lost status Source of classification or shelving scheme Damaged status Not for loan Home library Current library Shelving location Date acquired Total Checkouts Full call number Barcode Date last seen Copy number Price effective from Koha item type
    Dewey Decimal Classification     Virtual Virtual Online 23/03/2009   ONLINE PUBLICATION 147001-2001 06/08/2019 1 06/08/2019 Book